00489nam a2200157 a 45000010005000000030009000050080041000140200015000550400028000700820016000981000027001142450102001412600040002433000011002836500037002948138CO-ViMGA141112s2004 ck r 000 u spa d a9583600164 aCO-ViMGAbspacCO-ViMGA04a303.62 A12m1 aAcevedo Carmona, Dario10aLa mentalidad de las elites sobre la violencia en Colombia 1936 - 1949 / cAcevedo Carmona Dario  aBogotá, cAncora Editores, c1995 a224 p.14aViolencia - Colombia 1936 - 1946